LEADER 00863nam0-22002891i-450- 001 990007949320403321 005 20041115105422.0 035 $a000794932 035 $aFED01000794932 035 $a(Aleph)000794932FED01 035 $a000794932 100 $a20041115d1964----km-y0itay50------ba 101 0 $afre 102 $aCH 105 $ay-------001yy 200 1 $aDe Jean - Jacques Rousseau a Madame Roland$eessai sur la sensibilite preromantique et revolutionnaire$fGita May 210 $aGeneve$cDroz$d1964 215 $a271 p.$c4 tav$d25 cm 225 1 $aHistoire des idées et critique littéraire 700 1$aMay,$bGita$0197114 801 0$aIT$bUNINA$gRICA$2UNIMARC 901 $aBK 912 $a990007949320403321 952 $aXI CM 59$b1444$fDFD 959 $aDFD 996 $aDe Jean-Jacques Rousseau à Madame Roland$9180684 997 $aUNINA